[Event "San Francisco TNM Peter Grey op"]
[Site "San Francisco"]
[Date "2010.09.07"]
[Round "6"]
[White "Sinick, Jeff"]
[Black "Bertot, German"]
[Result "1-0"]
[WhiteElo "1249"]
[BlackElo "1551"]
[PlyCount "55"]
[EventDate "2010.08.03"]
[EventType "swiss"]
[EventRounds "9"]
[EventCountry "USA"]
[SourceTitle "EXT 2012"]
[Source "ChessBase"]
[SourceDate "2011.11.24"]
[SourceVersion "1"]
[SourceVersionDate "2011.11.24"]
[SourceQuality "1"]

1. e4 e5 2. Nf3 Nc6 3. Nc3 Nf6 4. Bb5 d6 5. d4 Bd7 6. d5 Ne7 7. Bxd7+ Qxd7 8. Bg5 Neg8 9. h3 h6 10. Be3 Ne7 11. Qd3 c6 12. dxc6 Nxc6 13. a3 Be7 14. g4 g5 15. 0-0-0 a6 16. Ne1 Rc8 17. f3 Na5 18. Ng2 Qc6 19. h4 gxh4 20. Nxh4 Nc4 21. Bd2 Qb6 22. b3 Nxa3 23. Nf5 Qc6 24. g5 Nxe4 25. fxe4 Bxg5 26. Bxg5 Qxc3 27. Nxd6+ Kf8 28. Nxc8 1-0

[Event "San Francisco TNM Peter Grey op"]
[Site "San Francisco"]
[Date "2010.08.24"]
[Round "4"]
[White "Sinick, Jeff"]
[Black "Standen, Julian"]
[Result "0-1"]
[WhiteElo "1249"]
[BlackElo "1690"]
[PlyCount "138"]
[EventDate "2010.08.03"]
[EventType "swiss"]
[EventRounds "9"]
[EventCountry "USA"]
[SourceTitle "EXT 2012"]
[Source "ChessBase"]
[SourceDate "2011.11.24"]
[SourceVersion "1"]
[SourceVersionDate "2011.11.24"]
[SourceQuality "1"]

1. e4 c6 2. d4 d5 3. Nc3 dxe4 4. Nxe4 Nd7 5. Nf3 Ngf6 6. Bd3 Nxe4 7. Bxe4 Nf6 8. Qe2 Bg4 9. Bd2 Nxe4 10. Qxe4 Bxf3 11. gxf3 e6 12. Rg1 g6 13. Qe5 Rg8 14. Bg5 Qd6 15. 0-0-0 Qxe5 16. dxe5 Be7 17. f4 h5 18. h4 Bxg5 19. fxg5 Rd8 20. c4 Ke7 21. c5 Rd5 22. Rxd5 exd5 23. Kd2 Ke6 24. f4 Kf5 25. Ke3 Rd8 26. Kd4 Rd7 27. Ke3 d4+ 28. Kf3 d3 29. Rd1 d2 30. a3 Rd3+ 31. Ke2 Rd4 32. Ke3 Re4+ 33. Kxd2 Rd4+ 34. Ke2 Rxd1 35. Kxd1 Kxf4 36. Ke2 Kxe5 37. Ke3 f6 38. gxf6 Kxf6 39. Kf4 b5 40. cxb6 axb6 41. a4 c5 42. b3 Ke6 43. Kg5 Kf7 44. Kf4 Kf6 45. Ke4 g5 46. hxg5+ Kxg5 47. Kd5 h4 48. Kc6 h3 49. Kxb6 h2 50. Kxc5 h1Q 51. b4 Qg1+ 52. Kb5 Qf1+ 53. Kb6 Qf2+ 54. Ka6 Qf6+ 55. Ka5 Qc3 56. Kb5 Qe5+ 57. Ka6 Qd6+ 58. Ka5 Qc7+ 59. Ka6 Qc4+ 60. Ka5 Qc7+ 61. Ka6 Qc6+ 62. Ka5 Qa8+ 63. Kb5 Qb7+ 64. Kc5 Qa6 65. a5 Kf6 66. Kd4 Qb5 67. Kc3 Ke5 68. Kb3 Kd4 69. Ka3 Kc4 0-1

[Event "San Francisco TNM Peter Grey op"]
[Site "San Francisco"]
[Date "2010.08.10"]
[Round "2"]
[White "Sinick, Jeff"]
[Black "Gaffagan, Steven"]
[Result "0-1"]
[WhiteElo "1249"]
[BlackElo "2040"]
[PlyCount "72"]
[EventDate "2010.08.03"]
[EventType "swiss"]
[EventRounds "9"]
[EventCountry "USA"]
[SourceTitle "EXT 2012"]
[Source "ChessBase"]
[SourceDate "2011.11.24"]
[SourceVersion "1"]
[SourceVersionDate "2011.11.24"]
[SourceQuality "1"]

1. e4 c5 2. Nf3 e6 3. d4 cxd4 4. Nxd4 a6 5. Nc3 Qc7 6. Bd2 Nf6 7. Bd3 Bc5 8. Nb3 Be7 9. Qf3 b6 10. Bf4 d6 11. Qg3 Nh5 12. Qf3 Nxf4 13. Qxf4 Nd7 14. 0-0 Bb7 15. Rfe1 0-0 16. Re3 Ne5 17. Rg3 Rac8 18. Qh6 Ng6 19. Qh5 Bf6 20. Rh3 h6 21. Rg3 Bxc3 22. bxc3 e5 23. c4 b5 24. cxb5 axb5 25. Nd2 Qc3 26. Rd1 Nf4 27. Qxh6 Ne2+ 28. Bxe2 Qxg3 29. Qxd6 Qf4 30. Bd3 Rfd8 31. Qb4 Bc6 32. Nb3 Bxe4 33. Qxb5 Bxd3 34. cxd3 Rc2 35. Qb6 Rd4 36. Nxd4 Qxf2+ 0-1

[Event "San Francisco TNM Peter Grey op"]
[Site "San Francisco"]
[Date "2010.08.03"]
[Round "1"]
[White "Todortsev, Victor"]
[Black "Sinick, Jeff"]
[Result "0-1"]
[WhiteElo "1924"]
[BlackElo "1249"]
[PlyCount "80"]
[EventDate "2010.08.03"]
[EventType "swiss"]
[EventRounds "9"]
[EventCountry "USA"]
[SourceTitle "EXT 2012"]
[Source "ChessBase"]
[SourceDate "2011.11.24"]
[SourceVersion "1"]
[SourceVersionDate "2011.11.24"]
[SourceQuality "1"]

1. e4 d5 2. exd5 Qxd5 3. Nc3 Qa5 4. d4 Nf6 5. Nf3 Bg4 6. Bb5+ c6 7. Bd3 e6 8. 0-0 Bd6 9. h3 Bh5 10. a3 Nbd7 11. Be3 Nd5 12. Ne4 Be7 13. Bd2 Qc7 14. c4 Nf4 15. Bc2 Nf6 16. Ng3 Bg6 17. Ne5 N6h5 18. Nxh5 Nxh5 19. Nxg6 hxg6 20. Qg4 0-0-0 21. Be3 Bd6 22. d5 Nf6 23. Qd4 c5 24. Qd1 Bf4 25. Qf3 Bxe3 26. fxe3 exd5 27. cxd5 Rxd5 28. Rad1 Re5 29. e4 Rhe8 30. Rc1 Kb8 31. Bd3 R8e7 32. b4 Nxe4 33. Bxe4 Rxe4 34. Rxc5 Qd7 35. Qg3+ Ka8 36. Qc3 a6 37. Qxg7 Re1 38. Rc1 Rxc1 39. Rxc1 Qd2 40. Qc3 Re1+ 0-1